|
|
|
|
| LEADER |
01258nam a2200361 4500 |
| 001 |
ocn907475648 |
| 003 |
OCoLC |
| 005 |
20180501122025.0 |
| 006 |
m o d |
| 007 |
cr cnu---unuuu |
| 008 |
150416s2015 caua o 001 0 eng d |
| 040 |
|
|
|a OPELS
|b eng
|e rda
|e pn
|c OPELS
|d YDXCP
|d OCLCF
|d DEBBG
|d GrThAP
|
| 020 |
|
|
|a 9780128022481
|q electronic bk.
|
| 020 |
|
|
|a 0128022485
|q electronic bk.
|
| 035 |
|
|
|a (OCoLC)907475648
|
| 050 |
|
4 |
|a QC806
|
| 082 |
0 |
4 |
|a 550
|2 23
|
| 049 |
|
|
|a TEFA
|
| 245 |
0 |
0 |
|a Advances in geophysics.
|n Volume 56 /
|c edited by Renata Dmowska.
|
| 264 |
|
1 |
|a San Diego :
|b Academic Press,
|c [2015]
|
| 300 |
|
|
|a 1 online resource :
|b illustrations.
|
| 336 |
|
|
|a text
|b txt
|2 rdacontent
|
| 337 |
|
|
|a computer
|b c
|2 rdamedia
|
| 338 |
|
|
|a online resource
|b cr
|2 rdacarrier
|
| 500 |
|
|
|a Includes index.
|
| 588 |
0 |
|
|a Online resource; title from title details screen (ScienceDirect, viewed April 16, 2015).
|
| 650 |
|
0 |
|a Geophysics.
|
| 650 |
|
0 |
|a Seismology.
|
| 650 |
|
7 |
|a Geophysics.
|2 fast
|0 (OCoLC)fst00941002
|
| 650 |
|
7 |
|a Seismology.
|2 fast
|0 (OCoLC)fst01111306
|
| 655 |
|
4 |
|a Electronic books.
|
| 700 |
1 |
|
|a Dmowska, Renata,
|e editor.
|
| 856 |
4 |
0 |
|u https://www.sciencedirect.com/science/bookseries/00652687/56
|z Full Text via HEAL-Link
|